Подробности
| 000 -МАРКЕР |
| контрольное поле |
02265nam0a2200397 4500 |
| 001 - ИДЕНТИФИКАТОР ЗАПИСИ |
| контрольное поле |
RU\NLR\bibl\900549 |
| 005 - ИДЕНТИФИКАТОР ВЕРСИИ |
| контрольное поле |
20260405094832.0 |
| 010 ## - МЕЖДУНАРОДНЫЙ СТАНДАРТНЫЙ НОМЕР КНИГИ (ISBN) |
| Номер (ISBN) |
5-9571-0144-3 |
| Тираж |
300 |
| 021 ## - НОМЕР ГОСУДАРСТВЕННОЙ РЕГИСТРАЦИИ |
| Код страны |
российская федерация |
| Номер |
2005-78436 |
| Номер Листа государственной регистраци |
3869 |
| 035 ## - ДРУГИЕ СИСТЕМНЫЕ НОМЕРА |
| Идентификатор записи |
(NLR Aleph) 000888985 |
| 100 ## - ДАННЫЕ ОБЩЕЙ ОБРАБОТКИ |
| Данные общей обработки |
20060126d2005 |||y0rusy50 ca |
| 101 0# - ЯЗЫК РЕСУРСА |
| Язык текста, звукозаписи и т.д. |
русский |
| Язык резюме |
английский |
| 102 ## - СТРАНА ПУБЛИКАЦИИ ИЛИ ПРОИЗВОДСТВА |
| Страна публикации |
российская федерация |
| 105 ## - ПОЛЕ КОДИРОВАННЫХ ДАННЫХ: ТЕКСТОВЫЕ МАТЕРИАЛЫ, МОНОГРАФИЧЕСКИЕ |
| Кодированные данные о монографическом текстовом документе |
a ||||||||| |
| 200 1# - ЗАГЛАВИЕ И СВЕДЕНИЯ ОБ ОТВЕТСТВЕННОСТИ |
| Основное заглавие |
Воспроизводство почв в антропогенных ландшафтах лесостепи |
| Параллельное заглавие |
Reproduction of soils in antrhropogenous lardscapes of forest-steppe zone |
| Первые сведения об ответственности |
П.В. Голеусов, Ф.Н. Лисецкий |
| Последующие сведения об ответственности |
М-во образования и науки Рос. Федерации, Белгород. гос. ун-т |
| Язык параллельного заглавия |
английский |
| 210 ## - ПУБЛИКАЦИЯ, РАСПРОСТРАНЕНИЕ И ДР. |
| Место издания, распространения и т.д. |
Белгород |
| Имя издателя, распространителя и т. д. |
Изд-во Белгородского государственного университета |
| Дата издания, распространения и т.д. |
2005 |
| 215 ## - ФИЗИЧЕСКАЯ ХАРАКТЕРИСТИКА |
| Специфическое обозначение материала и объем |
229,[1] с. |
| Другие сведения о физической характеристике |
ил. |
| Размеры |
21 |
| 300 ## - ОБЩИЕ ПРИМЕЧАНИЯ |
| Текст примечания |
Авт. также на англ. яз.: P.V. Goleusov, F.N. Lisetskii |
| 300 ## - ОБЩИЕ ПРИМЕЧАНИЯ |
| Текст примечания |
На 229-й с. авт.: Голеусов П.В. к.геогр.н., преп., Лисецкий Ф.Н. к.геогр.н., д.геогр.н., проф., чл.-корр. Петров. акад. наук и искусств, акад. |
| 300 ## - ОБЩИЕ ПРИМЕЧАНИЯ |
| Текст примечания |
Рез. на англ. яз. |
| 320 ## - ПРИМЕЧАНИЯ О НАЛИЧИИ В ДОКУМЕНТЕ БИБЛИОГРАФИИ / УКАЗАТЕЛЯ |
| Текст примечания |
Библиогр.: с. 205-226 |
| 510 0# - ПАРАЛЛЕЛЬНОЕ ЗАГЛАВИЕ |
| Связь между полями |
z33790 |
| Параллельное заглавие |
Reproduction of soils in antrhropogenous lardscapes of forest-steppe zone |
| Язык заглавия |
английский |
| 606 1# - НАИМЕНОВАНИЕ ТЕМЫ КАК ПРЕДМЕТ |
| Наименование темы |
Лесостепные почвы |
| Тематический подзаголовок |
Образование |
| -- |
Влияние антропических факторов |
| Системный номер авторитетной/нормативной записи |
2416615 |
| Идентификатор авторитетной/нормативной записи |
RU\NLR\auth\661439462 |
| 686 ## - ИНДЕКСЫ ДРУГИХ КЛАССИФИКАЦИЙ |
| Индекс |
П031.9 |
| 700 #1 - ИМЯ ЛИЦА - ПЕРВИЧНАЯ ОТВЕТСТВЕННОСТЬ |
| Код отношения |
Автор |
| Материалы, к которым относится поле |
rus |
| Графика поля |
Кириллица |
| Начальный элемент ввода |
Голеусов |
| Часть имени, кроме начального элемента ввода |
П.В. |
| Даты |
1976- |
| Расширение инициалов личного имени |
Павел Вячеславович |
| Идентификатор авторитетной/нормативной записи |
RU\NLR\auth\7735443 |
| Системный номер авторитетной/нормативной записи |
18440 |
| 701 #1 - ИМЯ ЛИЦА - АЛЬТЕРНАТИВНАЯ ОТВЕТСТВЕННОСТЬ |
| Код отношения |
Автор |
| Материалы, к которым относится поле |
rus |
| Графика поля |
Кириллица |
| Начальный элемент ввода |
Лисецкий |
| Часть имени, кроме начального элемента ввода |
Ф.Н. |
| Даты |
1958- |
| Расширение инициалов личного имени |
Федор Николаевич |
| Идентификатор авторитетной/нормативной записи |
RU\NLR\auth\7735445 |
| Системный номер авторитетной/нормативной записи |
18442 |
| 790 #1 - ИМЯ ЛИЦА - АЛЬТЕРНАТИВНАЯ ФОРМА |
| Код отношения |
Автор |
| Материалы, к которым относится поле |
rus |
| Графика поля |
Латинская |
| Начальный элемент ввода |
Goleusov |
| Часть имени, кроме начального элемента ввода |
P.V. |
| Даты |
1976- |
| Расширение инициалов личного имени |
Pavel Vjačeslavovič |
| Идентификатор авторитетной/нормативной записи |
RU\NLR\auth\7735444 |
| Системный номер авторитетной/нормативной записи |
18441 |
| 790 #1 - ИМЯ ЛИЦА - АЛЬТЕРНАТИВНАЯ ФОРМА |
| Код отношения |
Автор |
| Материалы, к которым относится поле |
rus |
| Графика поля |
Латинская |
| Начальный элемент ввода |
Liseckij |
| Часть имени, кроме начального элемента ввода |
F.N. |
| Даты |
1958- |
| Расширение инициалов личного имени |
Fedor Nikolaevič |
| Идентификатор авторитетной/нормативной записи |
RU\NLR\auth\7735447 |
| Системный номер авторитетной/нормативной записи |
18444 |
| 801 #0 - ИСТОЧНИК ЗАПИСИ |
| Страна |
российская федерация |
| Организация |
NLR |
| Дата составления |
20060126 |
| Правила каталогизации |
rcr |
| 801 #1 - ИСТОЧНИК ЗАПИСИ |
| Страна |
российская федерация |
| Организация |
NLR |
| Дата составления |
20060126 |
| 830 ## - ОБЩЕЕ ПРИМЕЧАНИЕ, СОСТАВЛЕННОЕ КАТАЛОГИЗАТОРОМ |
| Текст примечания |
авт. по кн. |
| 942 ## - ДОПОЛНИТЕЛЬНЫЕ ЭЛЕМЕНТЫ ЗАПИСИ (АБИС) |
| Тип экземпляра АБИС |
Книга |
| 980 ## - КОЛЛЕКЦИЯ |
| Название коллекции |
Национальная библиография |
| 980 ## - КОЛЛЕКЦИЯ |
| Название коллекции |
НБР |